Négyrétegű alkalmazás-fejlesztői környezet

Elmentve itt :
Bibliográfiai részletek
Szerző: Sramkó Anita Mária
További közreműködők: Dikán Gábor (Témavezető)
Kiss Ákos (Témavezető)
Dokumentumtípus: Szakdolgozat
Megjelent: 2005
Tárgyszavak:
Online Access:http://diploma.bibl.u-szeged.hu/2806
LEADER 00903nta a2200205 i 4500
001 dipl2806
005 20130314071832.0
008 110416s2005 hu om 0|| hun d
040 |a SZTE Diploma Repozitórium  |b hun 
041 |a hun 
100 1 |a Sramkó Anita Mária 
245 1 0 |a Négyrétegű alkalmazás-fejlesztői környezet  |h [elektronikus dokumentum] /  |c Anita Mária Sramkó 
260 |c 2005 
650 4 |a Informatika 
650 4 |a Computer and information sciences 
700 0 1 |a Dikán Gábor  |e ths 
700 0 1 |a Kiss Ákos  |e ths 
856 4 0 |u https://diploma.bibl.u-szeged.hu/id/eprint/2806/1/2005_sramko_anita_maria_05_127.pdf  |z Dokumentum-elérés  
856 4 0 |u https://diploma.bibl.u-szeged.hu/id/eprint/2806/2/2005_sramko_anita_maria_05_127_biralat.pdf  |z Dokumentum-elérés  
856 4 0 |u https://diploma.bibl.u-szeged.hu/id/eprint/2806/3/2005_sramko_anita_maria_05_127_melleklet.tgz  |z Dokumentum-elérés